| 000 | 00671nam a22001937a 4500 | ||
|---|---|---|---|
| 003 | OSt | ||
| 005 | 20140310182819.0 | ||
| 008 | 130304t xxu||||| |||| 00| 0 eng d | ||
| 020 | _a068484429X | ||
| 050 |
_aLB 1573 _b.L438 1998 |
||
| 245 |
_aLearning adventures in reading : _cby the staff of Score@Kaplan ; foreword by Alan Tripp _bgrades 1-2 : engaiging activities to develop sound reading and writing skills / |
||
| 260 |
_aNew York : _bKaplan Educational Centers and Simon & Schuster, _c1998. |
||
| 300 |
_a72 p. : _c28 cm. |
||
| 521 | _aEDU | ||
| 650 |
_aReading _xstudy and teaching |
||
| 650 | _aReading ( grades 1-2 ) | ||
| 942 |
_2lcc _cBK _kFOR |
||
| 999 |
_c16355 _d16355 |
||